[Event "CZE-chTW U20 1112"]
[Site "Czech Republic"]
[Date "2011.10.16"]
[Round "3.4"]
[White "Misicko, Jan Jr"]
[Black "Johnova, Eliska"]
[Result "0-1"]
[WhiteElo "1543"]
[BlackElo "1770"]
[PlyCount "102"]
[EventDate "2011.10.15"]
[EventType "team-tourn"]
[EventRounds "7"]
[EventCountry "CZE"]
[SourceTitle "EXT 2013"]
[Source "ChessBase"]
[SourceDate "2012.11.22"]
[SourceVersion "1"]
[SourceVersionDate "2012.11.22"]
[SourceQuality "1"]
[WhiteTeam "Kladno"]
[BlackTeam "Horice"]
[WhiteTeamCountry "CZE"]
[BlackTeamCountry "CZE"]

1. e4 e6 2. d4 d5 3. exd5 exd5 4. Nf3 Bd6 5. Bd3 Nc6 6. 0-0 Nge7 7. c3 Bg4 8. Bg5 f6 9. Bh4 g5 10. Bg3 h5 11. Re1 Kf7 12. Nbd2 Bxg3 13. fxg3 Qd7 14. Rf1 Kg7 15. Qe1 Rh6 16. Qf2 Rg8 17. Rae1 Kh8 18. b4 Be6 19. Qe2 Nd8 20. Nb3 b6 21. Bb5 c6 22. Bd3 h4 23. gxh4 gxh4 24. Qe3 Rh5 25. Qf4 Nf5 26. Bxf5 Bxf5 27. Rf2 Ne6 28. Qe3 Rg4 29. Nbd2 Qg7 30. Ree2 Kh7 31. Kh1 Nf4 32. h3 Nxe2 33. hxg4 Ng3+ 34. Kg1 Bxg4 35. Nf1 Ne4 36. Rc2 Bf5 37. N3h2 Rg5 38. Re2 h3 39. Qf3 Nxc3 40. Rf2 hxg2 41. Rxg2 Rxg2+ 42. Qxg2 Qxg2+ 43. Kxg2 Nxa2 44. Ne3 Be4+ 45. Kg3 Nxb4 46. Nhf1 a5 47. Nd2 a4 48. Nxe4 dxe4 49. Nc4 b5 50. Na3 Nd3 51. Kg2 b4 0-1

[Event "Tabor op"]
[Site "Tabor"]
[Date "2010.08.05"]
[Round "6"]
[White "Misicko, Jan Jr"]
[Black "Szucs, Matyas"]
[Result "1/2-1/2"]
[WhiteElo "1368"]
[BlackElo "1728"]
[PlyCount "56"]
[EventDate "2010.08.01"]
[EventType "swiss"]
[EventRounds "9"]
[EventCountry "CZE"]
[SourceTitle "EXT 2012"]
[Source "ChessBase"]
[SourceDate "2011.11.24"]
[SourceVersion "1"]
[SourceVersionDate "2011.11.24"]
[SourceQuality "1"]

1. e4 e6 2. d4 d5 3. exd5 exd5 4. Nf3 Bd6 5. Bd3 Nf6 6. Bg5 0-0 7. 0-0 Bg4 8. Nbd2 Nbd7 9. c3 c6 10. Qc2 Qc7 11. Rfe1 Rfe8 12. h3 Bh5 13. Bf5 Bg6 14. Bxg6 hxg6 15. g3 a6 16. a3 c5 17. Rac1 c4 18. Kg2 b5 19. Ra1 a5 20. Qb1 Rxe1 21. Nxe1 a4 22. Nef3 Re8 23. Qc2 Qb8 24. Re1 Rxe1 25. Nxe1 Qe8 26. Be3 Nh5 27. Nf1 Qe6 28. Nf3 Qe7 1/2-1/2

[Event "Tabor op"]
[Site "Tabor"]
[Date "2010.08.03"]
[Round "4"]
[White "Svanda, Radek"]
[Black "Misicko, Jan Jr"]
[Result "1-0"]
[WhiteElo "1814"]
[BlackElo "1368"]
[PlyCount "77"]
[EventDate "2010.08.01"]
[EventType "swiss"]
[EventRounds "9"]
[EventCountry "CZE"]
[SourceTitle "EXT 2012"]
[Source "ChessBase"]
[SourceDate "2011.11.24"]
[SourceVersion "1"]
[SourceVersionDate "2011.11.24"]
[SourceQuality "1"]

1. d4 f5 2. Nf3 Nf6 3. g3 d5 4. Bg2 Nc6 5. 0-0 e6 6. Bf4 Bd6 7. Be5 0-0 8. e3 Ng4 9. Bxd6 cxd6 10. Nbd2 Nf6 11. c4 Qe7 12. a3 a6 13. b4 b5 14. c5 Bb7 15. Qe2 Rfb8 16. Rfc1 h6 17. Nb3 Rc8 18. cxd6 Qxd6 19. Nc5 Rc7 20. Nd2 Kh7 21. Ndb3 Nd7 22. Nxd7 Qxd7 23. Nc5 Qd6 24. Ra2 Rb8 25. Rac2 Kg8 26. Bf1 Bc8 27. Rc3 Rb6 28. Qc2 Kh7 29. Nd3 Bb7 30. Ne5 Kg8 31. Rc5 Kf8 32. Be2 Kg8 33. Bh5 Kf8 34. g4 Ke7 35. gxf5 exf5 36. Qxf5 Qe6 37. Ng6+ Kd6 38. Qf4+ Kd7 39. Nf8+ 1-0

[Event "Tabor op"]
[Site "Tabor"]
[Date "2010.08.01"]
[Round "1"]
[White "Misicko, Jan Jr"]
[Black "Prochazka, Petr"]
[Result "0-1"]
[WhiteElo "1368"]
[BlackElo "1987"]
[PlyCount "112"]
[EventDate "2010.08.01"]
[EventType "swiss"]
[EventRounds "9"]
[EventCountry "CZE"]
[SourceTitle "EXT 2012"]
[Source "ChessBase"]
[SourceDate "2011.11.24"]
[SourceVersion "1"]
[SourceVersionDate "2011.11.24"]
[SourceQuality "1"]

1. e4 d5 2. exd5 Nf6 3. Nc3 Nxd5 4. Nxd5 Qxd5 5. Nf3 e5 6. d3 Nc6 7. Be2 Bg4 8. h3 Bh5 9. 0-0 0-0-0 10. Be3 f6 11. Nd2 Bxe2 12. Qxe2 Kb8 13. Rfd1 Nd4 14. Bxd4 Qxd4 15. Qf3 Qd7 16. Nc4 Bc5 17. a3 Qd5 18. Qxd5 Rxd5 19. b4 Bd4 20. Rac1 Bc3 21. Rb1 Bd4 22. Rb3 a6 23. Ne3 Rd7 24. Nf5 Ba7 25. c4 Bd4 26. a4 Rhd8 27. c5 e4 28. Kf1 g6 29. Ng3 e3 30. Ne2 exf2 31. Nxd4 Rxd4 32. Kxf2 a5 33. c6 axb4 34. Rdb1 b6 35. Rxb4 Rxb4 36. Rxb4 Rxd3 37. a5 Ka7 38. axb6+ cxb6 39. Rc4 Rd8 40. Ra4+ Kb8 41. Rh4 h5 42. Rc4 Kc7 43. g4 hxg4 44. Rxg4 g5 45. Rc4 Rd6 46. Ke3 Rxc6 47. Rxc6+ Kxc6 48. Ke4 Kd7 49. Kd5 b5 50. Kc5 Ke6 51. Kxb5 Ke5 52. Kc4 Ke4 53. Kc3 Ke3 54. Kc2 Ke2 55. Kc1 f5 56. Kc2 f4 0-1